00462nam a2200157Ia 450000500170000000800410001702000150005808200130007310000150008624500820010126000510018330000130023465000100024765000370025765000100029420250320022740.0240331s9999 xx 000 0 und d a8189748440 bMUNa894 aMunusamy,Y 0aPinnavinathuva soozhalil pulampeyarnthore kavithaigalum penniya kavithaigalum aChennaibMithra Arts & Creations Pvt Ltdc2007 a112 p ., aWomen aPulampeitharkalin Piracahanaikal aPoems